Web Programming with PHP and MySQL A Practical Guide /

Introductory textbook covering all the main features of the 'web programming' languages PHP and MySQL together with detailed examples that will enable readers (whether students on a taught course or independent learners) to use them to create their own applications or understand existing o...

Πλήρης περιγραφή

Λεπτομέρειες βιβλιογραφικής εγγραφής
Κύριος συγγραφέας: Bramer, Max (Συγγραφέας)
Συγγραφή απο Οργανισμό/Αρχή: SpringerLink (Online service)
Μορφή: Ηλεκτρονική πηγή Ηλ. βιβλίο
Γλώσσα:English
Έκδοση: Cham : Springer International Publishing : Imprint: Springer, 2015.
Έκδοση:1st ed. 2015.
Θέματα:
Διαθέσιμο Online:Full Text via HEAL-Link
LEADER 03040nam a22004935i 4500
001 978-3-319-22659-0
003 DE-He213
005 20170303141851.0
007 cr nn 008mamaa
008 151103s2015 gw | s |||| 0|eng d
020 |a 9783319226590  |9 978-3-319-22659-0 
024 7 |a 10.1007/978-3-319-22659-0  |2 doi 
040 |d GrThAP 
050 4 |a QA76.9.A73 
050 4 |a QA76.9.S88 
072 7 |a UYD  |2 bicssc 
072 7 |a COM032000  |2 bisacsh 
072 7 |a COM067000  |2 bisacsh 
082 0 4 |a 003.3  |2 23 
100 1 |a Bramer, Max.  |e author. 
245 1 0 |a Web Programming with PHP and MySQL  |h [electronic resource] :  |b A Practical Guide /  |c by Max Bramer. 
250 |a 1st ed. 2015. 
264 1 |a Cham :  |b Springer International Publishing :  |b Imprint: Springer,  |c 2015. 
300 |a XIII, 388 p. 724 illus.  |b online resource. 
336 |a text  |b txt  |2 rdacontent 
337 |a computer  |b c  |2 rdamedia 
338 |a online resource  |b cr  |2 rdacarrier 
347 |a text file  |b PDF  |2 rda 
505 0 |a Introduction -- PHP Fundamentals -- The PHP Language: Types of Statement -- More About Arrays -- Some Important Functions -- Formatted Print Functions -- Using Files -- User-Defined Functions -- Passing Variables to a PHP Script I -- Passing Variables to a PHP Script II -- PHP in Action: Managing a Members’ Area -- Using a MySQL Database I -- Using a MySQL Database II -- Creating and Updating MySQL Tables -- Using a PHP Script to Manage a MySQL Database -- PHP in Action: Converting Data between Text Files and Database Tables -- Using PHP to View and Edit Database Tables -- PHP in Action: Maintaining a Membership List -- Appendices. 
520 |a Introductory textbook covering all the main features of the 'web programming' languages PHP and MySQL together with detailed examples that will enable readers (whether students on a taught course or independent learners) to use them to create their own applications or understand existing ones. A particular focus is the use of PHP to generate MySQL commands from a script as it is executed. Each chapter includes aims, a summary and practical exercises (with solutions) to support learning. Chapters are designed to stand alone as far as possible, so that they can be studied independently of the rest of the text by those with some previous knowledge of the languages. There is a comprehensive glossary of technical terms, together with extensive appendices for quick reference of language features. 
650 0 |a Computer science. 
650 0 |a Architecture, Computer. 
650 0 |a Computer programming. 
650 0 |a Database management. 
650 1 4 |a Computer Science. 
650 2 4 |a Computer System Implementation. 
650 2 4 |a Programming Techniques. 
650 2 4 |a Database Management. 
710 2 |a SpringerLink (Online service) 
773 0 |t Springer eBooks 
776 0 8 |i Printed edition:  |z 9783319226583 
856 4 0 |u http://dx.doi.org/10.1007/978-3-319-22659-0  |z Full Text via HEAL-Link 
912 |a ZDB-2-SCS 
950 |a Computer Science (Springer-11645)